Phương pháp phát triển ngôn ngữ cho trẻ mẫu giáo

Wedi'i Gadw mewn:
Manylion Llyfryddiaeth
Prif Awdur: Nguyễn Xuân Khoa
Fformat: Llyfr
Iaith:Undetermined
Cyhoeddwyd: Hà Nội Đại học Quốc gia Hà Nội 1997
Pynciau:
Tagiau: Ychwanegu Tag
Dim Tagiau, Byddwch y cyntaf i dagio'r cofnod hwn!
Thư viện lưu trữ: Trung tâm Học liệu Trường Đại học Cần Thơ
LEADER 00541nam a2200169Ia 4500
001 CTU_27606
008 210402s9999 xx 000 0 und d
082 |a 372.4 
082 |b Kh401 
100 |a Nguyễn Xuân Khoa 
245 0 |a Phương pháp phát triển ngôn ngữ cho trẻ mẫu giáo 
245 0 |c Nguyễn Xuân Khoa 
260 |a Hà Nội 
260 |b Đại học Quốc gia Hà Nội 
260 |c 1997 
650 |a reading ( elementary ) 
980 |a Trung tâm Học liệu Trường Đại học Cần Thơ